LIBRARY & INFORMATION CENTRE, KCAET, TAVANUR

ONLINE PUBLIC ACCESS CATALOGUE (OPAC)

Performance Evaluation of Vertical Farming Structures (Record no. 14903)

MARC details
000 -LEADER
fixed length control field 00644nam a22001817a 4500
003 - CONTROL NUMBER IDENTIFIER
control field OSt
088 ## - REPORT NUMBER
Report number P 385
100 ## - MAIN ENTRY--AUTHOR NAME
Personal name AJI E.B
-- FASEELA O.A
245 ## - TITLE STATEMENT
Title Performance Evaluation of Vertical Farming Structures
260 ## - PUBLICATION, DISTRIBUTION, ETC. (IMPRINT)
Place of publication Tavanur 2017
Name of publisher Department of Land & Water Resources and Conservation Engineering
300 ## - PHYSICAL DESCRIPTION
Number of Pages 50
500 ## - GENERAL NOTE
General note Performance Evaluation of Vertical Farming Structures
520 ## - SUMMARY, ETC.
Summary, etc Performance Evaluation of Vertical Farming Structures
700 ## - ADDED ENTRY--PERSONAL NAME
Personal name Er. Priya G. Nair (Guide)
856 ## - ELECTRONIC LOCATION AND ACCESS
Uniform Resource Identifier https://drive.google.com/open?id=1vnZoOZx52uKGmhEm9qzf-VGYZ7MNtrZB
942 ## - ADDED ENTRY ELEMENTS (KOHA)
Koha item type Project Report
Holdings
Collection code Home library Current library Shelving location Full call number Accession Number Koha item type
Reference KAUAET KAUAET Reference 631.75807 AJI/PE P 385 Project Report
free website counter